| 000 | 01639cam a2200445 a 4500 | ||
|---|---|---|---|
| 001 | 12553040 | ||
| 003 | OSt | ||
| 005 | 20140310184331.0 | ||
| 008 | 010928s2002 nyua b 000 1 eng | ||
| 010 | _a 2001096536 | ||
| 020 | _a0689846312 | ||
| 040 |
_aDLC _cDLC _dDLC |
||
| 042 | _alcac | ||
| 050 | 0 | 0 |
_aPZ 7 _b.L668 2004 |
| 100 | 1 |
_aLevy, Elizabeth, _d1942- _923829 |
|
| 245 | 1 | 2 |
_aA hare-raising tail / _cElizabeth Levy ; illustrated by Mordicai Gerstein. |
| 250 | _a1st Aladdin ed. | ||
| 260 |
_aNew York, NY : _bScholastic Inc., _c2002. |
||
| 300 |
_a71 p. : _bill. ; _c21 cm. |
||
| 440 | 0 |
_aReady-for-chapters _923830 |
|
| 490 | 1 | _aA Fletcher mystery | |
| 520 | _aAfter Fletcher, a salami-loving basset hound, is wrongly accused of eating a pet rabbit, he and his sidekick, Jasper the flea, must find the true culprit before Fletcher is sent back to the dog pound. | ||
| 521 | 1 | _aG2 | |
| 526 | _c450 | ||
| 650 | 1 |
_aBasset hound _vFiction. _923831 |
|
| 650 | 1 |
_aDogs _vFiction. _923832 |
|
| 650 | 1 |
_aFleas _vFiction. _923833 |
|
| 650 | 1 |
_aRabbits _vFiction. _923834 |
|
| 650 | 1 |
_aSchools _vFiction. _923835 |
|
| 650 | 1 |
_aHumorous stories. _93831 |
|
| 650 | 1 |
_aMystery and detective stories. _93790 |
|
| 700 | 1 |
_aGerstein, Mordicai, _eill. _923836 |
|
| 800 | 1 |
_aLevy, Elizabeth, _d1942- _tFletcher mystery _923837 |
|
| 856 | 4 | 2 |
_3Publisher description _uhttp://www.loc.gov/catdir/description/simon032/2001096536.html |
| 906 |
_a7 _bcbc _corignew _d2 _eepcn _f20 _gy-gencatlg |
||
| 942 |
_2lcc _cBK-SCHOLAS |
||
| 999 |
_c33659 _d33659 |
||